| Tag |
First Indicator |
Second Indicator |
Subfields |
| LEADER |
00000cam a2200000 a 4500 |
| 001 |
in00000017862 |
| 005 |
20151007053100.0 |
| 008 |
880610s1981 no a 00000 eng d |
| 035 |
|
|
|a (OCoLC)18066476
|
| 035 |
|
|
|9 AAB0340AM
|
| 040 |
|
|
|a TXA
|c TXA
|d UtOrBLW
|
| 043 |
|
|
|a e-sp---
|
| 049 |
|
|
|a TXAM
|c [A09166591]
|
| 050 |
|
4 |
|a QE462.G7
|b B37 1981
|
| 245 |
0 |
0 |
|a Barcarrota granite :
|b exploitation project of the Jabero zone /
|c The University of Trondheim, The Norwegian Institute of Technology, Division of Construction Engineering.
|
| 264 |
|
1 |
|a [Trondheim, Norway] :
|b The Institute,
|c [1981?]
|
| 300 |
|
|
|a 1 volume (various pagings) :
|b illustrations (some color), maps ;
|c 29 cm.
|
| 336 |
|
|
|a text
|b txt
|2 rdacontent
|
| 337 |
|
|
|a unmediated
|b n
|2 rdamedia
|
| 338 |
|
|
|a volume
|b nc
|2 rdacarrier
|
| 490 |
1 |
|
|a Project report ;
|v 8-81
|
| 500 |
|
|
|a Cover title.
|
| 650 |
|
0 |
|a Granite industry and trade.
|
| 650 |
|
0 |
|a Granite
|z Spain
|z Estremadura.
|
| 710 |
2 |
|
|a Norges tekniske høgskole.
|b Division of Construction Engineering.
|
| 830 |
|
0 |
|a Project report (Norges tekniske hogskole. Division of Construction Engineering) ;
|v 81-8.
|
| 999 |
|
|
|a MARS
|
| 999 |
f |
f |
|s c7659d82-f926-3f07-bf54-2f924d81daae
|i aae6f11b-d49d-3561-8cea-4d455116b27f
|t 0
|
| 952 |
f |
f |
|p ric
|a Texas A&M University
|b Rellis Campus
|c Joint Library Facility
|d Remote Storage
|t 0
|e QE462.G7 B37 1981
|h Library of Congress classification
|i unmediated -- volume
|m A14809166591
|
| 998 |
f |
f |
|a QE462.G7 B37 1981
|t 0
|l Remote Storage
|